JUVENILE justice international perspectives, models and trends

Kaydedildi:
Detaylı Bibliyografya
Materyal Türü: Kitap
Dil:İngilizce
Baskı/Yayın Bilgisi: FL: CRC Press 2015
Etiketler: Etiketle
Etiket eklenmemiş, İlk siz ekleyin!

MARC

LEADER 00000nam a22000007a 4500
008 201210b ||||| |||| 00| 0 eng d
020 |a ISBN: 978-1-4665-7967-5 
245 |a JUVENILE justice  |b international perspectives, models and trends  |c edited by John A. Winterdyk.-  
260 |b FL: CRC Press  |c 2015  |d BOOKS  |i 689950   |l HV9069 .J98  |m  Juvenile delinquency  |m Juvenile justice, Administration of 
500 |a “It includes references and index”. 
942 |a lcc  |c BK  |e Olagoke,M A  |f 10/12/2020 
952 |0 0  |1 0  |2 lcc  |4 0  |7 0  |9 337  |a HOL  |b HOL  |c GJ  |d 2020-12-10  |l 0  |o .J38Sh3.D21  |p 2020-2072  |r 2020-12-10 00:00:00  |w 2020-12-10  |y BK 
999 |c 158  |d 158